| 000 | 00402nam a22001697a 4500 | ||
|---|---|---|---|
| 003 | NUST | ||
| 020 | _a8188458481 | ||
| 038 | _aKhadija | ||
| 082 |
_a621.3 _bDOR |
||
| 100 |
_aDogra, Rakesh _982915 |
||
| 245 |
_aElectrical Engineering Materials\ _cRakesh Dogra. |
||
| 260 |
_aNew Delhi: _bS.K.Kataria; _c2012. |
||
| 300 |
_a338p. ; _b22 cm. |
||
| 500 | _aPaperback. | ||
| 563 | _aPB | ||
| 942 |
_cBK _2ddc |
||
| 999 |
_c32422 _d32422 |
||